| 000 | 01165nas a2200301 4500 | ||
|---|---|---|---|
| 001 | BR8100261 | ||
| 003 | BR-BrBNA | ||
| 005 | 20231205084455.0 | ||
| 007 | ta | ||
| 008 | 230509b bl.|||p| |||| 00| 00por d | ||
| 040 |
_aBR-BrBNA _bpor _cBiblioteca Nacional de Agricultura |
||
| 041 | _a(Pt) | ||
| 072 | _aH10 | ||
| 100 | 1 | _aMoraes, G.J. de | |
| 100 | 1 | _aOliveira, C.A.V. | |
| 100 | 1 | _aAlbuquerque, M.M. de | |
| 100 | 1 | _aSalviano, L.M.C. | |
| 100 | 1 | _aPossidio, P.L. de | |
| 245 | 1 | _aEfeito da epoca de infestacao de Empoasca kraemeri Ross e Moore, 1957 (cigarrinha verde do feijoeiro)(Homoptera: Typhlocibidae)na cultura de Vigna unguiculata Walp (feijao macassar)[Feijao de corda] | |
| 246 | 1 | _aEffect of Empoasca kraemeri Ross e Moore, 1957 (Homoptera: Typhlocibidae)infecting different developmental stages of Vigna unguiculata Walp [Cow-pea] | |
| 650 | _aPraga de planta | ||
| 650 | _aFeijao de corda | ||
| 650 | _aCigarrinha | ||
| 650 | _aInfestacao | ||
| 773 | 0 |
_tAnais da Sociedade Entomologica do Brasil (Brazil) _xISSN 0301-8059 _g(1980), v. 9(1) p. 67-74 _wBR8100261 |
|
| 909 |
_a202311 _bLúcia _c55 _dLúcia Elande |
||
| 942 |
_2AGRIS _n0 _cANA |
||
| 999 |
_c105464 _d105464 |
||